• 首页
  • 本馆介绍
  • 公告通知
  • 最新文献
  • 馆藏检索
  • 电子资源
  • 读者导购
  • 参考咨询
  • 我的图书馆
  • 登录
  • 详细信息显示
  • 放入我的书架
  • 预约/预借图书
  • 作者相关作品
  • 分类相关作品
  • 丛书相关作品
  • 出版社相关作品

书目信息

  • 表格格式
  • 工作单格式
  • 卡片格式
题名:
棒棰岛·“金苹果”文艺丛书
    
 
作者: 滕贞甫 主编
分册:   单联全
出版信息: 大连   大连出版社  2015
页数: 151页
开本: 23cm
丛书名:
单 册:
中图分类: I219 , K825.6=76
科图分类:
主题词: 文艺--wen yi--作品集--中国--当代 , 编剧--bian ju--生平事迹--中国--现代
电子资源:
ISBN: 978-7-5505-1015-9
000 00961nam0 22002651 450
001 0120082241
005 20170320082241.0
010    @a978-7-5505-1015-9@dCNY68.00
100    @a20160601d2015 em y0chiy50 ea
101 0  @achi
102    @aCN@b210000
105    @aac z 000yd
106    @ar
200 1  @a棒棰岛·“金苹果”文艺丛书@9bang chui dao jin pin guo wen yi cong shu@i单联全@f滕贞甫主编
210    @a大连@c大连出版社@d2015
215    @a151页@c图,肖像@d23cm
330    @a本书由苦乐人生、慧眼识珠和春华秋实三部分组成,涵盖了“故乡的云一直遮着我的心”“我的作家梦从老师的一句话开始”“我第一个把语录歌传到北京”等具体内容。
606 0  @a文艺@9wen yi@x作品集@y中国@z当代
606 0  @a编剧@9bian ju@x生平事迹@y中国@z现代
610 0  @a单联全(1946- )@Adan lian quan (1946- )
690    @aI219@v5
690    @aK825.6=76@v5
701  0 @a滕贞甫@9teng zhen fu@f(1963.11~)@4主编
801  0 @aCN@bTANGWEI@c20170308
905    @b0957372-4@dI219@e16@f3
    
    棒棰岛·“金苹果”文艺丛书.单联全/滕贞甫主编.-大连:大连出版社,2015
    151页:图,肖像;23cm
    
    
    ISBN 978-7-5505-1015-9:CNY68.00
    本书由苦乐人生、慧眼识珠和春华秋实三部分组成,涵盖了“故乡的云一直遮着我的心”“我的作家梦从老师的一句话开始”“我第一个把语录歌传到北京”等具体内容。
●
相关链接 在E读中查询图书 在五车中查询图书 在当当中查询图书 在豆瓣中查询图书


正题名:棒棰岛·"金苹果"文艺丛书     索取号:I219/16         预约/预借

序号 登录号 条形码 馆藏地/架位号 状态 备注
1 0957372   209573727   第一样本阅览室/ [索取号:I219/16] 在馆    
2 0957373   209573736   第二借阅区/ [索取号:I219/16] 在馆    
3 0957374   209573745   第二借阅区/ [索取号:I219/16] 在馆    
唐山师范学院图书馆 欢迎您!
大连网信软件有限公司© 版权所有